书目信息 |
| 题名: |
世界500年科学故事
|
|
| 作者: | 王焰 , 魏志敏 | |
| 分册: | ||
| 出版信息: | 北京 光明日报 2005 |
|
| 页数: | 223页 | |
| 开本: | 26cm | |
| 丛书名: | ||
| 单 册: | ||
| 中图分类: | G32 | |
| 科图分类: | ||
| 主题词: | 科学研究事业--世界 | |
| 电子资源: | ||
| ISBN: | 7-80145-988-1 | |
| 000 | 00552nam0 2200193 450 | |
| 001 | 0753865015 | |
| 005 | 20070818145745.01 | |
| 010 | @a7-80145-988-1@d¥29.80 | |
| 100 | @a20070818d km y0chiy0120 ea | |
| 101 | 0 | @achi |
| 200 | 1 | @a世界500年科学故事@Ashi jie 500 nian ke xue gu shi@f魏志敏,王焰@Fwei zhi min,wang yan |
| 210 | @a北京@c光明日报@d2005 | |
| 215 | @a223页@d26cm | |
| 606 | 0 | @a科学研究事业@x世界 |
| 690 | @aG32@v3 | |
| 701 | 0 | @a王焰@Awang yan |
| 701 | 0 | @a魏志敏@Awei zhi min |
| 801 | 0 | @aCN@bPFT@c20070818 |
| 905 | @a213230@dG32@ee10@f1 | |
| 世界500年科学故事/魏志敏,王焰.-北京:光明日报,2005 |
| 223页;26cm |
| ISBN 7-80145-988-1:¥29.80 |
| ● |
| 相关链接 |
|
|
|
|
正题名:世界500年科学故事
索取号:G32/e10
 
预约/预借
| 序号 | 登录号 | 条形码 | 馆藏地/架位号 | 状态 | 备注 |
| 1 | 6301477 | 263014776 | 教育系资料室/ [索取号:G32/e10] | 在馆 |